000 00992nam1a22002891 4500
001 v19\rc\1909720
005 20251118180551.5
035 _a(NLR Aleph) 004998478
090 _a6361049
_c6361049
100 _a20080404d1911 u y0rusy50 ca
101 0 _arus
102 _aRU
105 _a z |||||
200 1 _aОсновные принципы отопления и вентиляции прядильных и ткацких корпусов
_fИнж.-техн. А.Н. Селиверстов. Ч. 1-
210 _aМосква
_cТехн. конт. В. Залесский и В. Чаплин
_d1911
215 _d23
700 1 _aСеливерстов
_bА.Н.
_gАлександр Николаевич
801 0 _aRU
_bNLR
_gpsbo
801 0 _aRU
_bRuMoRGB
_2psbo
801 1 _aRU
_bProSoft-M
_2rusmarc
852 _aNLR
_j38.79.7.281
899 _aRuMoRGB
_jN 20/229
899 _aRuMoRGB
_jV 218/285
899 _aRuMoRGB
_jN 25/498
899 _aБАН
942 _cBOOK
980 _aNB